000 01600nam0a2200373 4500
001 RU\NLR\BIBL_A\010523813
005 201412150504
010 _a978-5-00086-108-0
_9500
021 _aRU
_b2014-65111
_93970
035 _a(NLR Aleph) 010523813
035 _a(NILC)RuMoRGB-007544871
090 _a10225293
_c10225293
100 _a20141106d2014 km y0rusy50 ca
101 0 _arus
_deng
_erus
_eeng
102 _aRU
105 _aa z 000yy
200 1 _aАРМИР : система оптимизации радиологической защиты персонала
_fВ. К. Иванов, А.М. Корело, А.П. Панфилов, С.В. Райков
210 _aМосква
_cПеро
_d2014
215 _a301 с.
_cил., табл.
_d21
300 _aРез. на англ. яз.
320 _aБиблиогр.: с. 267-275
606 1 _aРаботники ядерной энергетики
_xПрофессиональные болезни
_xРиск
_2nlr_sh2
_3RU\NLR\AUTH\661533418
610 0 _aрадиологическая защита персонала
686 1 _aР126.450.7-43
701 1 _aИванов
_bВ. К.
_cд-р физ.-мат. наук
_f1946-
_gВадим Константинович
_3RU\NLR\AUTH\7718794
701 1 _aКорело
_bА. М.
701 1 _aПанфилов
_bА. П.
_gАлександр Павлович
701 1 _aРайков
_bС. В.
_gСергей Валентинович
801 0 _aRU
_bРГБ
_c20140901
_gRCR
942 _cBOOK
980 _aNBR
980 _aNB